000
00350nam a2200133Ia 4500
008
151001s9999||||xx |||||||||||||| ||und||
100
_a
यमुनाबाई हिर्लेकर
245
_a
भक्ती वेल
250
_a
1
260
_b
केशरी प्रकाशन
260
_c
1972
300
_a
74
365
_b
18
999
_c
955870
_d
955867